El riego por aspersión y su tecnología /
Guardado en:
| Autor Principal: | |
|---|---|
| Formato: | Libro |
| Idioma: | Spanish |
| Publicado: |
Madrid :
Mundi-Prensa,
2005.
|
| Edición: | 3a ed. rev. y ampl. |
| Acceso en línea: | Acceso a texto completo |
| Etiquetas: |
Agregar Etiqueta
Sin Etiquetas, Sea el primero en etiquetar este registro!
|
| LEADER | 01286nam a22002055a 4500 | ||
|---|---|---|---|
| 001 | EEA.libagro008502 | ||
| 008 | 130809s2005####sp#a#####f####001#0#spa#d | ||
| 005 | 20200909223244.0 | ||
| 245 | 1 | 3 | |a El riego por aspersión y su tecnología / |c José M. Tarjuelo Martín-Benito. |
| 250 | |a 3a ed. rev. y ampl. | ||
| 260 | |a Madrid : |b Mundi-Prensa, |c 2005. | ||
| 300 | |a 581 p. : |b il. ; |c 24 cm. | ||
| 505 | 0 | |a Capítulo 1. El agua en el suelo -- Capítulo 2. Sistemas estacionarios de riego por aspersión -- Capítulo 3. La aplicación de agua con aspersores de tamaño medio -- Capítulo 4. Cañones de riego por aspersión -- Capítulo 5. Sistemas autopropulsados de riego por aspersión -- Capítulo 6. Evaluación y mejora de sistemas de riego -- Capítulo 7. El manejo del riego -- Capítulo 8. Bombas hidráulicas -- Capítulo 9. Redes colectivas de riego a presión -- Capítulo 10. Automatización de las instalaciones de riego. | |
| 530 | |a Disponible también en línea. | ||
| 020 | |a 8484762254 | ||
| 100 | 1 | |a Tarjuelo Martín-Benito, José María. | |
| 082 | 0 | 4 | |a 631.587 |
| 856 | 4 | 1 | |3 Acceso a texto completo |u https://elibro.net/es/lc/unsbiblio/titulos/35828 |
| 859 | |a AR-BbBCA |b BIB. AGRONOMIA |h 631.587 |i T187a3 |p 2011/5915 | ||
| 859 | |a AR-BbBCA |b BIB. AGRONOMIA |h 631.587 |i T187a3 |p 2016/6701 |t Ej.2 | ||
